| Поле | Название | Значение |
| |
Тип записи |
a |
| |
Библиографический уровень |
m |
| 001 |
Контрольный номер |
9fb4c1e495b84a0381ea7e4a32cd3f49 |
| 005 |
Дата корректировки |
20191209101232.5 |
| 010 |
Индекс ISBN |
__ |
| a |
ISBN |
978-5-394-03267-7 |
| 101 |
Язык документа |
0_ |
| a |
Язык текста |
rus |
| 102 |
Страна публикации |
__ |
| a |
Страна публикации |
RU |
| 200 |
Заглавие и сведения об ответственности |
1_ |
| a |
Заглавие |
Учетно-аналитическая система: теория и практика |
| b |
Общее обозначение материала |
Текст |
| e |
Сведения, относящиеся к заглавию |
моногр. |
| f |
Первые сведения об ответственности |
Л. В. Андреева, Т. В. Бодрова, Е. В. Зубарева и др. |
| 210 |
Выходные данные |
1_ |
| a |
Место издания |
Москва |
| c |
Издательство |
Дашков и К |
| d |
Дата издания |
2018 |
| 215 |
Физическое описание |
__ |
| a |
Объем |
268 с. |
| 320 |
Библиография |
__ |
| a |
Библиография |
Литер.:с. 253 |
| 330 |
Аннотация |
__ |
| a |
Аннотация |
Монография посвящена вопросами теории и практики совершенствования учетно-аналитической системы управления коммерческими корпорациями в целях эффективного развития бизнеса и осуществления экономической безопасности их хозяйственной деятельности. Для научных работников, преподавателей, аспирантов, магистров экономических вузов, а также для бухгалтеров, аудиторов, аналитиков, руководителей организаций, работников налоговых инспекций. |
| 610 |
Ключевые слова |
0_ |
| a |
Ключевые слова |
учет |
| a |
Ключевые слова |
финансовое состояние |
| a |
Ключевые слова |
внутренний контроль |
| a |
Ключевые слова |
монография |
| 686 |
Индексы других классификаций |
__ |
| a |
Классификационный индекс |
65.052 |
| 701 |
Альтернативная интеллектуальная ответственность |
_1 |
| a |
Фамилия |
Андреева |
| b |
Имя |
Л. В. |
| e |
Роль лиц |
Автор |
| 4 |
Код отношения |
070 |
| 701 |
Альтернативная интеллектуальная ответственность |
_1 |
| a |
Фамилия |
Бодрова |
| b |
Имя |
Т. В. |
| e |
Роль лиц |
Автор |
| 4 |
Код отношения |
070 |
| 701 |
Альтернативная интеллектуальная ответственность |
_1 |
| a |
Фамилия |
Зубарева |
| b |
Имя |
Е. В. |
| e |
Роль лиц |
Автор |
| 4 |
Код отношения |
070 |
| 801 |
Источник записи |
_0 |
| a |
Страна |
RU |
| b |
Организация |
РУК |
| c |
Дата составления |
20191209 |
| g |
Правила каталогизации |
PSBO |
| 801 |
Источник записи |
_1 |
| a |
Страна |
RU |
| b |
Организация |
РУК |
| g |
Правила каталогизации |
PSBO |
| 852 |
Данные о местонахождении |
__ |
| i |
Авторский знак |
У 91 |
| j |
Шифр хранения |
65.052 |
| 901 |
Тип документа |
__ |
| t |
Тип документа |
m |
| 912 |
Принадлежность преподавателя к РУК |
__ |
| a |
Принадлежность преподавателя к РУК |
преподаватель Головного вуза |
| 937 |
Технологическая информация |
__ |
| a |
Создатель записи (имя) |
Мясникова |
| 938 |
Служебная информация |
__ |
| a |
Название организации |
Головной вуз |
| 952 |
Тип литературы |
__ |
| c |
Вид литературы |
монография |